Cities Skylines - Statistics

General Stats
  • This quiz has been taken 155 times
  • The average score is 11 of 15
Answer Stats
Picture Answer % Correct
London
100%
New York
97%
Moscow
92%
Paris
88%
Athens
87%
Amsterdam
84%
Los Angeles
82%
Barcelona
75%
Chicago
75%
Tokyo
70%
Istanbul
68%
Auckland
59%
San Francisco
49%
Sydney
43%
Madrid
35%
No matching quizzes found
Score Distribution
Percent of People with Each Score
Percentile by Number Answered
Your Score History
You have not taken this quiz